|
|
|
|
| LEADER |
00000nkm a2200000 a 4500 |
| 001 |
vtls011973908 |
| 003 |
SK-MaSNL |
| 005 |
20260301225727.0 |
| 007 |
kf bo |
| 008 |
231120q1938 xo g kuslo |
| 015 |
|
|
|a SNBG1938
|
| 035 |
|
|
|a urn:nbn:sk:snk-km00ei4x
|
| 035 |
|
|
|a urn:nbn:sk:snk-km45xc6
|
| 035 |
|
|
|a 966293E8-E842-4EAE-9F69-DA02D8A70753
|
| 040 |
|
|
|a SNK
|b slo
|c SNK
|e AACR2
|
| 041 |
0 |
|
|a slo
|
| 043 |
|
|
|a e-xo---
|
| 044 |
|
|
|a xo
|c SK
|
| 072 |
|
7 |
|a 913
|x Regionálna geografia
|2 konspekt
|
| 080 |
|
|
|a 913(437.6)
|2 2011
|
| 080 |
|
|
|a 27‑523.42:274.5(439.22)
|2 2011
|
| 080 |
|
|
|a (084.121)
|2 2011
|
| 080 |
|
|
|a 711.61
|2 2011
|
| 245 |
0 |
0 |
|a Zvolen
|h grafika
|
| 260 |
|
|
|a Bratislava
|b "Minuta"
|c [1938?]
|e Prague X
|f JKO Trade Mark
|
| 300 |
|
|
|a 1 pohľadnica
|b čiernobiela
|c 14 x 9 cm
|
| 500 |
|
|
|a Názvové údaje prevzaté z obrazovej časti pohľadnice
|
| 520 |
8 |
|
|a Zobrazenie: Pohľad v bielom orámovaní na námestie. V popredí je prázdna, vydláždená ulica. V pozadí vidno Evanjelický kostol sv. Trojice
|
| 610 |
2 |
7 |
|a Evanjelický kostol sv. Trojice (Zvolen, Slovensko)
|2 SNKKA
|9 198525
|
| 650 |
0 |
7 |
|a evanjelické kostoly
|2 SNKPH
|9 86148
|
| 650 |
0 |
7 |
|a námestia
|2 SNKPH
|9 26291
|
| 651 |
|
7 |
|a Zvolen (Slovensko)
|2 SNKPHgeo
|9 14595
|
| 655 |
|
7 |
|a miestne pohľadnice
|2 SNKPH
|9 70510
|
| 852 |
|
|
|a Slovenská národná knižnica
|
| 954 |
|
|
|a pohľadnice pôvodné (slovenské)
|2 lita
|
| 954 |
|
|
|a pohľadnice cudzojazyčné (svetové)
|2 lita
|
| 958 |
|
|
|a GC
|
| 958 |
|
|
|a GBN
|
| 958 |
|
|
|a OND
|
| 958 |
|
|
|a EUIPO
|
| 999 |
|
|
|c 952011
|d 953941
|
| 952 |
|
|
|a SNK
|b SNK
|y PREZ
|7 0
|p 17A1411473
|o snkSP 73738
|z Pohľadnica prešla poštou.
|0 0
|1 0
|4 0
|d 2020-06-15
|f 1
|l 0
|r 2026-02-24 09:52:04
|w 2026-02-24
|